000 01006nam a2200229Ia 4500
001 253.04-TOR gi em (1103)
003 IT-MiSPE
008 171229s9999||||xx |||||||||||||| ||und||
040 _aIT-MiSPE
_cIT-MiSPE
041 _aITALIANO
100 _aGiambattista Torellò
245 0 _aÈ meglio il confessore o lo psicanalista?
250 _a1a ed. (v)
260 _aMilano
_bNuova Accademia
_c1961
300 _a238 p.
_c18 cm
490 _aI mosaici
500 _aConfessione; Psicanalisi
501 _aEdizioni San Paolo srl - Piazza Soncino, 5 - 20092 CINISELLO BALSAMO (MI) (non commercial uses only) ® Copyright 2018
942 _cBK
957 _71
999 _a12273
_bNO
_g Copie: 1
_c343560
_d343560